000 00311nam a2200133Ia 4500
008 191201s2007 xx 000 0 und d
082 _a658.827
_bJOB
100 _aJOHRI, Shweta
245 0 _aBrand Management
260 _aN.Delhi
_bGalgotia Pub. Pvt
_c2007
300 _a368
650 _aMBA
942 _2ddc
_cBK
999 _c3016
_d3016